Central Library OPAC University of Rajshahi

Negro politicians : (Record no. 27591)

MARC details
000 -LEADER
fixed length control field 00995nam a22002532 4500
001 - CONTROL NUMBER
control field 27591
003 - CONTROL NUMBER IDENTIFIER
rucl marc code BD-RjUL
005 - DATE AND TIME OF LATEST TRANSACTION
control field 20211209051156.0
008 - FIXED-LENGTH DATA ELEMENTS--GENERAL INFORMATION
fixed length control field 140325r19691967c a b 001 0 eng d
035 ## - SYSTEM CONTROL NUMBER
System control number (BD-RjUL)27665
-- OCLC ocm00478720 from D970519M
040 ## - CATALOGING SOURCE
Original cataloging agency DLC
Transcribing agency DLC
Modifying agency OCL
-- EQO
-- BD-RjUL
Language of cataloging eng
041 ## - LANGUAGE CODE
Language code of text/sound track or separate title eng
082 00 - DEWEY DECIMAL CLASSIFICATION NUMBER
Classification number 977.31104
Author mark and year GON 1969
100 1# - MAIN ENTRY--PERSONAL NAME
Personal name Gosnell, Harold F.
Fuller form of name (Harold Foote),
Dates associated with a name 1896-1997
9 (RLIN) 84736
245 10 - TITLE STATEMENT
Title Negro politicians :
Remainder of title the rise of Negro politics in Chicago /
Statement of responsibility, etc. by Harold F. Gosnell. With an introd. by James Q. Wilson.
260 ## - PUBLICATION, DISTRIBUTION, ETC. (IMPRINT)
Place of publication, distribution, etc. Chicago :
Name of publisher, distributor, etc. University of Chicago Press,
Date of publication, distribution, etc. c1967 [impression 1969]..
300 ## - PHYSICAL DESCRIPTION
Pagination xix, 396 p. :
Illustrations maps, ports.
Size 21 cm.
504 ## - BIBLIOGRAPHY, ETC. NOTE
Bibliography, etc Includes bibliographical references and index.
650 #0 - SUBJECT ADDED ENTRY--TOPICAL TERM
Topical term or geographic name as entry element Afro-Americans
Geographic subdivision Illinois
-- Chicago
General subdivision Politics and government.
9 (RLIN) 84737
651 #0 - SUBJECT ADDED ENTRY--GEOGRAPHIC NAME
Geographic name Chicago (Ill.)
General subdivision Politics and government
Chronological subdivision To 1950.
9 (RLIN) 84738
942 ## - ADDED ENTRY ELEMENTS (KOHA)
Source of classification or shelving scheme Dewey Decimal Classification
Koha item type Books
Holdings
Lost status Source of classification or shelving scheme Damaged status Not for loan Collection code Permanent Location Current Location Shelving location Date acquired Source of acquisition Total Checkouts Full call number Date last seen Copy number Koha item type
  Dewey Decimal Classification   Added to bundle Non-fiction Central Library, University of Rajshahi Central Library, University of Rajshahi Reading Room 18/09/1985 Asia Foundation, Gift.   977.31104 GON 1969 25/03/2014 C-1 Books
  Dewey Decimal Classification     Non-fiction Central Library, University of Rajshahi Central Library, University of Rajshahi   31/10/1992 Asia Foundation, Gift.   977.31104 GON 1969 25/03/2014 C-5 Books